| 000 | 00627cam a2200229ua 4500 | ||
|---|---|---|---|
| 001 | 11052 | ||
| 008 | 190806n ii |||gr||||Z||||||asm | ||
| 020 | _a9789382030737 | ||
| 040 | _cMAIN | ||
| 041 | _aasm | ||
| 082 | _a370 | ||
| 100 |
_aDipti Devi Phukan, _eAuthor. |
||
| 245 |
_aLaboratory practical & field report(A) _cBy Dipti Devi Phukan |
||
| 250 | _a2nd ed. | ||
| 260 |
_aJorhat: _bUnika prakashan, _c2015. |
||
| 300 | _a240p. | ||
| 653 | _aEducation | ||
| 653 | _aParikshagarar bybaharik shiksha aru kshetra pratibedan | ||
| 700 |
_aJogesh Changmai, _eAuthor. |
||
| 700 |
_aSwapnali Bora, _eAuthor. |
||
| 942 | _cBK | ||
| 999 |
_c9957 _d9957 |
||